film portant le nom d'un animal - Statistiques

Statistiques générales
  • Ce quiz a été pris 129 fois
  • Le résultat moyen est 7 sur 25
Statistiques - réponses
acteurs principaux film % Correct
Delon,Cardinale le guépard
67%
Richard,Depardieu la chêvre
65%
Bruel,Reno le jaguar
59%
Foster,Hopkins Le silence des agneaux
58%
Costner, Mc Donnell danse avec les loups
47%
Rochefort,Bedos un éléphant ça trompe énormément
47%
Redford,Scott Thomas l'homme qui murmurait à l'oreille des chevaux
46%
Goldblum, Davis la mouche
44%
Deneuve,Marais peau d'âne
38%
Nicholson,Fletcher vol au dessus d'un nid de coucou
35%
Kline,Curtis un poisson nommé Wanda
34%
Roberts,Washington l'affaire pélican
28%
Taylor,Newmann la chatte sur un toit brulant
27%
Cellier,Lhermitte le zèbre
25%
Nicholson,Pfeiffer wolf
19%
Lopez,Cube anaconda
14%
Frot,Villeret vipère au poing
14%
Bonham Carter,Wahlberg la planete des singes
12%
Daroussin,Courau le poulpe
11%
Naceri,Magimel nid de guêpes
11%
Venture,Dewaere adieu poulet
7%
May,Malavoy le cri du hibou
7%
Bruni Tedeschi, Mastroianni il est plus facile pour un chameau
6%
Malkovich,Sinise des souris et des hommes
5%
Oldman,Hardy la taupe
5%
Aucun quiz correspondant
Distribution des résultats
% des personnes avec chaque résultat
Percentile par nombre de réponses
Votre historique - résultats
Vous n’avez pas pris ce quiz